| 000 | 00628nam a22002177a 4500 | ||
|---|---|---|---|
| 999 |
_c8403 _d8403 |
||
| 001 | 22076 | ||
| 003 | BD-DhUAP | ||
| 005 | 20240307194245.0 | ||
| 008 | 240307b19962003-uka|||| |||| 001 0ceng d | ||
| 020 | _a0 521 56798 X | ||
| 040 |
_aBD-ChCU _beng _cBD-ChCU _dBD-DhUAP |
||
| 082 |
_220 _a418.00772 PEN |
||
| 100 | _aUr, Penny | ||
| 245 |
_aA course in language teaching : _bPractice and theory / _c Penny Ur |
||
| 260 |
_aCambridge; _bCambridge university press, _c1996. |
||
| 300 | _axiii,375 | ||
| 504 | _aIncludes | ||
| 650 | _aLanguage and languages-Study and teaching | ||
| 650 | _aLanguage and languages | ||
| 942 |
_2ddc _cBK |
||